Diseño de un plan de acción para la prevención de riesgos en la materia de higiene y seguridad del trabajo en las áreas de emergencia, laboratorio, hospitalizados y quirófanos en la sede del hospital Monte España

Presenta una evaluación de riesgos de materia de higiene y seguridad del trabajo que contempla la identificación y valoración de los riesgos a los que están expuestos los trabajadores en las áreas de emergencia, laboratorio, hospitalizados y quirófano de la sede del hospital Monte España....

Full description

Bibliographic Details
Main Authors: Rugama Reyes, Denise Antonia, Lazo Sándigo, Maritza Deyanira, Brenes Aguilar, Livio Alfonso
Other Authors: Tutor: Gutiérrez Martínez, Marbel Evaristo
Format: Tesis Section = Libro
Language:Undetermined
Spanish
Published: Managua UNI 2011
Subjects:
LEADER 01357nam a2200277Ia 4500
008 240830s9999 xx 000 0 und d
040 |a BIBLIOTECA-RUPAP Mon 658.382 R928 
041 |a spa 
082 |a Mon 658.382 R928 
100 1 |a Rugama Reyes, Denise Antonia 
100 1 |b  Lazo Sándigo, Maritza Deyanira 
100 1 |c  Brenes Aguilar, Livio Alfonso 
245 1 0 |a Diseño de un plan de acción para la prevención de riesgos en la materia de higiene y seguridad del trabajo en las áreas de emergencia, laboratorio, hospitalizados y quirófanos en la sede del hospital Monte España 
260 |a Managua  |b UNI  |c 2011 
300 |a 213 p. :il. 
500 |a Contiene: anexos. 
502 |a Tesis (Ingeniero Industrial)- UNI, 2011. 
520 3 |a Presenta una evaluación de riesgos de materia de higiene y seguridad del trabajo que contempla la identificación y valoración de los riesgos a los que están expuestos los trabajadores en las áreas de emergencia, laboratorio, hospitalizados y quirófano de la sede del hospital Monte España. 
650 7 |a SEGURIDAD DEL TRABAJO 
650 7 |b TÉCNICAS DE SEGURIDAD - TRABAJO 
650 7 |c HIGIENE DEL TRABAJO 
650 7 |d PREVENCIÓN DE ACCIDENTES - ADMINISTRACIÓN 
700 1 |a Tutor:  |b Gutiérrez Martínez, Marbel Evaristo 
942 |c BK  |2 ddc 
991 |a TESIS 
999 |c 17177